French Ligue 1 Logos - Statistics

General Stats
  • This quiz has been taken 834 times
    31 since last reset
  • The average score is 15 of 18
Answer Stats
Picture Answer % Correct
Lille
100%
Monaco
100%
Olympique de Marseille
100%
Olympique Lyonnais
100%
Paris Saint-Germain
100%
Nice
93%
Strasbourg
93%
Lens
89%
Stade Rennais
89%
Auxerre
85%
Paris FC
85%
Toulouse
85%
Angers
81%
Lorient
81%
Stade Brestois
81%
Le Havre
67%
Troyes
67%
Le Mans
41%
No matching quizzes found
Score Distribution
Percent of People with Each Score
Percentile by Number Answered
Your Score History
You have not taken this quiz since the last reset